Central Library OPAC University of Rajshahi

সাহিত্যকোষ : (Record no. 38278)

MARC details
000 -LEADER
fixed length control field 00889nam a2200241 a 4500
001 - CONTROL NUMBER
control field 38278
003 - CONTROL NUMBER IDENTIFIER
rucl marc code BD-RjUL
005 - DATE AND TIME OF LATEST TRANSACTION
control field 20220412141356.0
008 - FIXED-LENGTH DATA ELEMENTS--GENERAL INFORMATION
fixed length control field 151028s2002 ii ||||| |||| 00| 0 ben d
020 ## - INTERNATIONAL STANDARD BOOK NUMBER
International Standard Book Number 8186946810
Terms of availability : Tk. 80.00
035 ## - SYSTEM CONTROL NUMBER
System control number (BD-RjUL)38278
040 ## - CATALOGING SOURCE
Original cataloging agency BD-RjUL
Language of cataloging ben
Transcribing agency BD-RjUL
041 ## - LANGUAGE CODE
Language code of text/sound track or separate title ben
082 ## - DEWEY DECIMAL CLASSIFICATION NUMBER
Edition number 23
Classification number 891.44303
Author mark and year SAH 2002
245 00 - TITLE STATEMENT
Title সাহিত্যকোষ :
Remainder of title কথাসাহিত্য /
Statement of responsibility, etc. অলোক রায় সম্পাদিত
250 ## - EDITION STATEMENT
Edition statement ৩য় সং.
260 ## - PUBLICATION, DISTRIBUTION, ETC. (IMPRINT)
Place of publication, distribution, etc. কোলকাতা :
Name of publisher, distributor, etc. সাহিত্যলোক,
Date of publication, distribution, etc. ২০০২.
300 ## - PHYSICAL DESCRIPTION
Pagination ২৬৬ পৃ. ;
Size ২২ সেমি.
650 ## - SUBJECT ADDED ENTRY--TOPICAL TERM
Topical term or geographic name as entry element বাংলা উপন্যাস
9 (RLIN) 118331
Form subdivision অভিধান
9 (RLIN) 118332
Topical term or geographic name as entry element Bengali novels
Form subdivision Dictionary
700 ## - ADDED ENTRY--PERSONAL NAME
Personal name রায়, অলোক, সম্পাদক
942 ## - ADDED ENTRY ELEMENTS (KOHA)
Source of classification or shelving scheme Dewey Decimal Classification
Koha item type Books
Holdings
Lost status Source of classification or shelving scheme Damaged status Not for loan Collection code Permanent Location Current Location Shelving location Date acquired Source of acquisition Cost, normal purchase price Total Checkouts Full call number Date last seen Date checked out Copy number Koha item type
  Dewey Decimal Classification     Fiction Central Library, University of Rajshahi Central Library, University of Rajshahi General Stacks 23/05/2007 Paragogn Enterprise, Dhaka 80.00 6 BR 891.44303 SAH 2002 16/07/2018 11/07/2018 C-2 Books
  Dewey Decimal Classification   Not For Loan Fiction Central Library, University of Rajshahi Central Library, University of Rajshahi Reading Room 19/11/2005 Paragogn Enterprise, Dhaka 80.00   BR 891.44303 SAH 2002 21/08/2016   C-1 Books
  Dewey Decimal Classification     Fiction Central Library, University of Rajshahi Central Library, University of Rajshahi General Stacks 22/09/2024       B 891.44303 SAH 2002 22/09/2024   C-3 Books
  Dewey Decimal Classification     Fiction Central Library, University of Rajshahi Central Library, University of Rajshahi General Stacks 23/05/2007 Paragon Enter prise 80.00   B 891.44303 SAH 2002 06/10/2025   C-4 Books